000 01262nam a2200325 a 4500
001 000114675
003 CHAP
005 20220329144452.0
008 180319s2017 mx a fsm |||||||spa d
010 _a111136
011 _a112108
040 _cCHAP
090 _aTesis
100 1 _aJiménez Hernández, Eduardo
_9126444
245 1 0 _aOptimización del diseño de redes de riego con algoritmos evolutivos y bio-inpirados /
_h[En línea]
_cpor Eduardo Jiménez Hernández.
260 _aChapingo, Méx. :
_bEl autor,
_c2017.
500 _aPara ver el contenido del material haga clic en la liga
502 _aTesis (Maestro en Ingeniería Agrícola y Uso Integral del Agua) -- UACH. Posgrado en Ingeniería Agrícola y Uso Integral del Agua
590 _aBATCH-UPD
_b05
_c20180320
_lUCH01
_h1128
590 _aE8697GMM
_b05
_c20180319
_lUCH01
_h0957
590 _aE8697GMM
_b05
_c20180319
_lUCH01
_h0959
590 _aE8697GMM
_b05
_c20180320
_lUCH01
_h1128
650 1 4 _aHormigas
_xHábitos y conducta.
_956233
650 1 4 _aRed de riego
_xDiseño y construcción.
_9133313
650 1 4 _aRiego
_xModelos matemáticos.
_9134942
856 _aFinding aid
_uhttp://10.13.5.2/tesis/sist114675.pdf
_zTeclea aquí
901 _aBK
942 _cTESIS
942 _n0
999 _c111136
_d111136